[Event "Titled Tuesday intern op 12th Mar Early"]
[Site "Chess.com INT"]
[Date "2024.03.12"]
[Round "3"]
[White "Martin, Lewis"]
[Black "Otero Marino, Alain"]
[Result "1-0"]
[WhiteElo "2076"]
[BlackElo "2250"]
[PlyCount "60"]
[EventDate "2024.03.12"]
[EventType "swiss (blitz)"]
[EventRounds "11"]
[EventCountry "USA"]
[SourceTitle "CB12_2024"]
[SourceDate "2023.10.01"]
[SourceVersion "1"]
[SourceVersionDate "2023.10.01"]
[SourceQuality "1"]

1. e4 c5 2. Nf3 d6 3. d4 cxd4 4. Nxd4 Nf6 5. Nc3 a6 6. Bg5 e6 7. f4 b5 8. Qf3 Bb7 9. Bd3 Be7 10. 0-0-0 Nbd7 11. Rhe1 0-0 12. Qh3 h6 13. e5 dxe5 14. fxe5 hxg5 15. exf6 Nxf6 16. Nxe6 fxe6 17. Qxe6+ Rf7 18. Bg6 Qf8 19. h4 Bb4 20. hxg5 Bxc3 21. bxc3 Nd5 22. Rxd5 Bxd5 23. Qxd5 Raa7 24. Rf1 b4 25. Rxf7 Rxf7 26. Qxf7+ Qxf7 27. Bxf7+ Kxf7 28. cxb4 Ke6 29. c4 Ke5 30. b5 a5 1-0

[Event "Titled Tuesday intern op 12th Mar Early"]
[Site "Chess.com INT"]
[Date "2024.03.12"]
[Round "1"]
[White "Vaz, Ethan"]
[Black "Martin, Lewis"]
[Result "1-0"]
[WhiteElo "2409"]
[BlackElo "2076"]
[PlyCount "103"]
[EventDate "2024.03.12"]
[EventType "swiss (blitz)"]
[EventRounds "11"]
[EventCountry "USA"]
[SourceTitle "CB12_2024"]
[SourceDate "2023.10.01"]
[SourceVersion "1"]
[SourceVersionDate "2023.10.01"]
[SourceQuality "1"]

1. Nf3 d5 2. b3 Bg4 3. Bb2 Nd7 4. d4 e6 5. e3 Ngf6 6. Be2 Bd6 7. Nbd2 0-0 8. 0-0 Re8 9. c4 c6 10. h3 Bh5 11. Re1 e5 12. dxe5 Nxe5 13. cxd5 cxd5 14. Nxe5 Bxe5 15. Bxe5 Rxe5 16. Nf3 Re7 17. Rc1 Qd6 18. Nd4 Bg6 19. Bd3 Ne4 20. Rc2 Rae8 21. Qe2 Qf6 22. Qf3 Qxf3 23. Nxf3 a6 24. Rec1 Nd6 25. Bxg6 hxg6 26. Rc7 Rxc7 27. Rxc7 Rc8 28. Rd7 Rc6 29. Ne5 Rc1+ 30. Kh2 Ne4 31. Rxf7 Rc2 32. f3 Nf6 33. Rxb7 Rxa2 34. Nxg6 Re2 35. Ne7+ Kh7 36. Nf5 Rb2 37. Rxg7+ Kh8 38. Rg6 Ng8 39. Rxa6 Rxb3 40. Rd6 Rb5 41. Rd8 Kh7 42. Rd7+ Kh8 43. Nd4 Rc5 44. g4 Nf6 45. Rf7 Nh7 46. h4 Kg8 47. Rf5 Ra5 48. Kg3 Nf8 49. h5 Kg7 50. g5 Nh7 51. Ne6+ Kg8 52. g6 1-0

[Event "British Rapidplay"]
[Site "Peterborough"]
[Date "2024.03.03"]
[Round "9"]
[White "Martin, Lewis"]
[Black "Lalic, Susan"]
[Result "1/2-1/2"]
[WhiteElo "2076"]
[BlackElo "2237"]
[PlyCount "65"]
[EventDate "2024.03.02"]
[EventType "swiss (rapid)"]
[EventRounds "11"]
[EventCountry "ENG"]
[SourceTitle "CB10_2024"]
[SourceDate "2024.03.06"]
[SourceVersion "1"]
[SourceVersionDate "2024.03.06"]
[SourceQuality "1"]

1. e4 e6 2. d4 d5 3. Nd2 c5 4. exd5 Qxd5 5. dxc5 Bxc5 6. Ngf3 Nf6 7. Bc4 Qd8 8. 0-0 Nc6 9. Nb3 Qxd1 10. Rxd1 Bb6 11. Bf4 0-0 12. c3 e5 13. Nxe5 Nxe5 14. Bxe5 Bxf2+ 15. Kh1 Ng4 16. Bd4 Be6 17. Bxe6 fxe6 18. h3 e5 19. hxg4 exd4 20. Nxd4 Bxd4 21. Rxd4 Rf2 22. Re1 Rxb2 23. Rd7 Rb6 24. Ree7 Rg6 25. Rxb7 Rxg4 26. Rec7 h6 27. c4 Re8 28. Rb2 Re1+ 29. Kh2 Rc1 30. c5 Rgc4 31. Rbb7 Rg4 32. Rb2 Rgc4 33. Rbb7 1/2-1/2

[Event "Titled Tuesday intern op 13th Feb Early"]
[Site "Chess.com INT"]
[Date "2024.02.13"]
[Round "10"]
[White "Kaldarova, Ayaulym"]
[Black "Martin, Lewis"]
[Result "0-1"]
[WhiteElo "2110"]
[BlackElo "2144"]
[PlyCount "104"]
[EventDate "2024.02.13"]
[EventType "swiss (blitz)"]
[EventRounds "11"]
[EventCountry "USA"]
[SourceTitle "CB08_2024"]
[SourceDate "2024.02.21"]
[SourceVersion "1"]
[SourceVersionDate "2024.02.21"]
[SourceQuality "1"]

1. Nf3 Nf6 2. c4 c6 3. g3 d5 4. Bg2 e6 5. 0-0 Nbd7 6. d4 Bd6 7. Nbd2 0-0 8. Qc2 Qe7 9. e4 dxe4 10. Nxe4 Nxe4 11. Qxe4 Nf6 12. Qe2 b6 13. Ne5 Bb7 14. Nxc6 Qc7 15. Ne5 Bxg2 16. Kxg2 Bxe5 17. dxe5 Nd7 18. Bf4 Rac8 19. b3 Rfd8 20. Rad1 Nc5 21. Rd6 Rxd6 22. exd6 Qc6+ 23. Qf3 f6 24. Rd1 Nd7 25. g4 e5 26. Bg3 Kf7 27. Rd5 a6 28. g5 b5 29. gxf6 gxf6 30. Qh5+ Kg8 31. Qg4+ Kf7 32. f3 bxc4 33. bxc4 Rd8 34. Qe4 Nf8 35. c5 Ng6 36. Qc4 Kg7 37. h4 h5 38. Rd3 f5 39. Rb3 Rxd6 40. Rb7+ Qxb7 41. cxd6 Qb2+ 42. Bf2 Nf4+ 43. Kg3 Ne2+ 44. Kh3 Nf4+ 45. Kg3 Ne2+ 46. Kh2 Nd4 47. Qc7+ Kg6 48. Kg2 Qe2 49. Qb7 e4 50. fxe4 Qf3+ 51. Kg1 Ne2+ 52. Kf1 Ng3+ 0-1

[Event "Titled Tuesday intern op 13th Feb Early"]
[Site "Chess.com INT"]
[Date "2024.02.13"]
[Round "2"]
[White "Martin, Lewis"]
[Black "Spitzl, Vinzent"]
[Result "1-0"]
[WhiteElo "2144"]
[BlackElo "2365"]
[PlyCount "97"]
[EventDate "2024.02.13"]
[EventType "swiss (blitz)"]
[EventRounds "11"]
[EventCountry "USA"]
[SourceTitle "CB08_2024"]
[SourceDate "2024.02.21"]
[SourceVersion "1"]
[SourceVersionDate "2024.02.21"]
[SourceQuality "1"]

1. c4 e6 2. g3 Nf6 3. Bg2 d5 4. Nf3 Be7 5. 0-0 0-0 6. b3 c5 7. Bb2 Nc6 8. e3 d4 9. exd4 cxd4 10. Re1 Bc5 11. d3 Re8 12. Ne5 Nxe5 13. Rxe5 Qc7 14. Qe2 Nd7 15. Re4 e5 16. Nd2 Nf6 17. Rh4 Bd7 18. Ne4 Nxe4 19. Bxe4 h6 20. Rf1 f5 21. Bd5+ Be6 22. Bxe6+ Rxe6 23. Bc1 Rae8 24. g4 Rg6 25. f3 Qe7 26. Rh5 fxg4 27. fxg4 Bd6 28. Qe4 Rf6 29. Qd5+ Kh8 30. Rxf6 Qxf6 31. Rf5 Qg6 32. h3 Rf8 33. Rxf8+ Bxf8 34. Qxe5 Qxd3 35. Bxh6 Qd1+ 36. Kf2 Qc2+ 37. Kf3 d3 38. Be3 Qe2+ 39. Ke4 d2 40. Qh5+ Kg8 41. Qd5+ Kh7 42. Qxd2 Qf1 43. Qf2 Qh1+ 44. Qf3 Qb1+ 45. Kd4 Qb2+ 46. Kd5 Be7 47. Qf5+ Kg8 48. Bd4 Qg2+ 49. Ke6 1-0

[Event "Titled Tuesday intern op 13th Feb Early"]
[Site "Chess.com INT"]
[Date "2024.02.13"]
[Round "9"]
[White "Tikhonov, Viacheslav"]
[Black "Martin, Lewis"]
[Result "1-0"]
[WhiteElo "2160"]
[BlackElo "2144"]
[PlyCount "181"]
[EventDate "2024.02.13"]
[EventType "swiss (blitz)"]
[EventRounds "11"]
[EventCountry "USA"]
[SourceTitle "CB08_2024"]
[SourceDate "2024.02.21"]
[SourceVersion "1"]
[SourceVersionDate "2024.02.21"]
[SourceQuality "1"]

1. e4 c6 2. b3 d5 3. Bb2 dxe4 4. Nc3 Nf6 5. Nge2 Bf5 6. Ng3 Bg6 7. Qe2 e6 8. 0-0-0 Nbd7 9. h4 h5 10. Ncxe4 Nxe4 11. Nxe4 Qa5 12. Kb1 0-0-0 13. d4 Nb6 14. c4 Ba3 15. Rh3 Bxb2 16. Kxb2 Qb4 17. Nc3 Rhe8 18. Re3 Rd7 19. a3 Qe7 20. d5 cxd5 21. cxd5 Red8 22. Qb5 Qf6 23. Rf3 Qxh4 24. Qc5+ Rc7 25. Qd4 Qxd4 26. Rxd4 exd5 27. Bd3 Bxd3 28. Rfxd3 Rcd7 29. Rd2 a6 30. R4d3 f5 31. Rf3 g6 32. Ne2 d4 33. Rfd3 Kc7 34. Nxd4 Kb8 35. a4 Kc8 36. Rc2+ Kb8 37. Rcd2 Nd5 38. Nf3 Nf6 39. Rxd7 Rxd7 40. Re2 Ne4 41. Ne5 Rg7 42. f3 Nf6 43. Rd2 Kc7 44. Rc2+ Kb8 45. Rd2 g5 46. Rd6 Nh7 47. Rh6 h4 48. Nd3 Nf8 49. Nc5 Re7 50. Rh8 Re2+ 51. Kc3 Rxg2 52. Rxf8+ Ka7 53. Rxf5 h3 54. Rf7 h2 55. Rxb7+ Ka8 56. Rh7 Rg3 57. Kb4 Rxf3 58. Rxh2 g4 59. Rg2 g3 60. Nxa6 Kb7 61. Nc5+ Kc6 62. Ne4 Rf4 63. Rxg3 Rxe4+ 64. Kc3 Kb6 65. Rd3 Rh4 66. Rd4 Rh5 67. Kb4 Rh1 68. Rd6+ Kc7 69. Rd4 Rh5 70. Rc4+ Kb6 71. Rg4 Rf5 72. a5+ Ka6 73. Rg6+ Kb7 74. Ka4 Ka7 75. b4 Kb7 76. Rg4 Rf1 77. Rg5 Rf4 78. Kb5 Ka7 79. Rg7+ Ka8 80. Rg5 Rf6 81. Rc5 Rg6 82. Rd5 Ka7 83. Rd7+ Ka8 84. a6 Rh6 85. Ka5 Rg6 86. b5 Rh6 87. Rd8+ Ka7 88. b6+ Rxb6 89. Rd7+ Rb7 90. Rxb7+ Ka8 91. Rh7 1-0

[Event "Titled Tuesday intern op 16th Jan Early"]
[Site "Chess.com INT"]
[Date "2024.01.16"]
[Round "4"]
[White "Demin, Vladimir"]
[Black "Martin, Lewis"]
[Result "0-1"]
[WhiteElo "2430"]
[BlackElo "2144"]
[PlyCount "68"]
[EventDate "2024.01.16"]
[EventType "swiss (blitz)"]
[EventRounds "11"]
[EventCountry "USA"]
[SourceTitle "CB04_2024"]
[SourceDate "2023.10.16"]
[SourceVersion "1"]
[SourceVersionDate "2023.10.16"]
[SourceQuality "1"]

1. d4 d5 2. Nc3 Nf6 3. Bf4 c6 4. e3 e6 5. Nf3 Bd6 6. Ne5 0-0 7. h4 Ne8 8. h5 f6 9. Nd3 Bxf4 10. Nxf4 e5 11. Nd3 Nd7 12. Be2 Nd6 13. Bg4 Qe7 14. Qe2 f5 15. Bh3 e4 16. Nf4 Nf6 17. 0-0-0 b5 18. Rdg1 b4 19. Na4 Ng4 20. Nc5 a5 21. f3 exf3 22. gxf3 Nxe3 23. Re1 Re8 24. Rhg1 Ra7 25. Qf2 Ndc4 26. b3 Na3 27. Nfe6 f4 28. Rxg7+ Qxg7 29. Nxg7 Rxg7 30. Bxc8 Rxc8 31. Qh4 Rg2 32. Rxe3 fxe3 33. Qf6 Rg1+ 34. Kb2 Rb1# 0-1

[Event "Titled Tuesday intern op 16th Jan Early"]
[Site "Chess.com INT"]
[Date "2024.01.16"]
[Round "3"]
[White "Goncalves, Davi Sulzbacher"]
[Black "Martin, Lewis"]
[Result "0-1"]
[WhiteElo "2284"]
[BlackElo "2144"]
[PlyCount "88"]
[EventDate "2024.01.16"]
[EventType "swiss (blitz)"]
[EventRounds "11"]
[EventCountry "USA"]
[SourceTitle "CB04_2024"]
[SourceDate "2023.10.16"]
[SourceVersion "1"]
[SourceVersionDate "2023.10.16"]
[SourceQuality "1"]

1. e4 c6 2. d4 d5 3. e5 Bf5 4. Nf3 e6 5. Nbd2 c5 6. c3 Nc6 7. Be2 Nge7 8. 0-0 Bg6 9. dxc5 Nf5 10. b4 Qc7 11. Re1 Be7 12. Bb2 0-0 13. a3 Nxe5 14. Nxe5 Qxe5 15. Bf1 Qc7 16. c4 Rfd8 17. Qb3 b6 18. cxb6 axb6 19. Rac1 Qf4 20. Nf3 Nh4 21. Ne5 Qg5 22. g3 Be4 23. f4 Qh5 24. gxh4 Bxh4 25. Rxe4 dxe4 26. Qe3 Bf6 27. Bg2 Bxe5 28. Bxe5 Rd3 29. Qxe4 Raxa3 30. Bb2 Rd1+ 31. Rxd1 Qxd1+ 32. Kf2 Rd3 33. Qa8+ Rd8 34. Qf3 Rd2+ 35. Kg3 Qxf3+ 36. Bxf3 Rxb2 37. c5 Rxb4 38. c6 Rc4 39. Kf2 b5 40. Ke3 Rc3+ 41. Kd4 b4 42. Be4 f6 43. f5 exf5 44. Bd5+ Kf8 0-1

[Event "Titled Tuesday intern op 16th Jan Early"]
[Site "Chess.com INT"]
[Date "2024.01.16"]
[Round "2"]
[White "Martin, Lewis"]
[Black "Kochiev, Ivan"]
[Result "0-1"]
[WhiteElo "2144"]
[BlackElo "2051"]
[PlyCount "140"]
[EventDate "2024.01.16"]
[EventType "swiss (blitz)"]
[EventRounds "11"]
[EventCountry "USA"]
[SourceTitle "CB04_2024"]
[SourceDate "2023.10.16"]
[SourceVersion "1"]
[SourceVersionDate "2023.10.16"]
[SourceQuality "1"]

1. c4 Nf6 2. g3 e6 3. Bg2 c5 4. Nf3 Nc6 5. 0-0 d5 6. cxd5 Nxd5 7. d4 Be7 8. Nc3 Nxc3 9. bxc3 0-0 10. Rb1 Bf6 11. dxc5 Qa5 12. Qb3 Qxc5 13. Ba3 Qxc3 14. Qxc3 Bxc3 15. Bxf8 Kxf8 16. Rfc1 Bf6 17. e3 e5 18. Nd2 Nd8 19. Ne4 Bf5 20. Rc7 Rb8 21. Nxf6 gxf6 22. Rb2 b5 23. Bd5 a5 24. Rc5 Bd7 25. a4 b4 26. Rxa5 Nc6 27. Rb5 Rc8 28. a5 Ne7 29. Rb7 Bh3 30. f3 Nxd5 31. Kf2 Rc1 32. e4 Nc3 33. R2xb4 Ra1 34. a6 Rxa6 35. Rc4 Na2 36. Rc8+ Kg7 37. Rcc7 Be6 38. f4 exf4 39. gxf4 Ra4 40. f5 Bc4 41. Kf3 Nc1 42. Rb1 Nd3 43. Kg4 Ne5+ 44. Kh4 Bd3 45. Re1 Bxe4 46. Kg3 Bxf5 47. Rc5 Bg6 48. Rcxe5 fxe5 49. Rxe5 h5 50. h4 Rg4+ 51. Kh3 Kf6 52. Ra5 Bf5 53. Ra6+ Be6 54. Kh2 Rxh4+ 55. Kg3 Rd4 56. Kf3 Kg5 57. Ra5+ Rd5 58. Ra3 Bf5 59. Kg2 Rd2+ 60. Kg1 Kg4 61. Ra4+ Kg3 62. Ra3+ Bd3 63. Ra1 Rb2 64. Rd1 Rb1 65. Rxb1 Bxb1 66. Kh1 f5 67. Kg1 f4 68. Kh1 f3 69. Kg1 f2+ 70. Kh1 Be4# 0-1

[Event "Titled Tuesday intern op 19th Dec Early"]
[Site "Chess.com INT"]
[Date "2023.12.19"]
[Round "8"]
[White "Martin, Lewis"]
[Black "Mazurkiewicz, Michal"]
[Result "0-1"]
[WhiteElo "2144"]
[BlackElo "2145"]
[PlyCount "62"]
[EventDate "2023.12.19"]
[EventType "swiss (blitz)"]
[EventRounds "11"]
[EventCountry "USA"]
[SourceTitle "CB52_2023"]
[SourceDate "2023.12.27"]
[SourceVersion "1"]
[SourceVersionDate "2023.12.27"]
[SourceQuality "1"]

1. c4 Nf6 2. g3 g6 3. Bg2 Bg7 4. Nf3 0-0 5. 0-0 d6 6. Nc3 c5 7. e4 Nc6 8. a3 Rb8 9. Rb1 b6 10. b4 e6 11. d3 Bb7 12. Be3 Ng4 13. Bd2 Nd4 14. Nxd4 cxd4 15. Nb5 Ne5 16. Bf4 g5 17. Bxe5 Bxe5 18. Nxa7 f5 19. exf5 Bxg2 20. Kxg2 Qd7 21. Nb5 Rxf5 22. Qg4 Qg7 23. Rbe1 Rbf8 24. Re4 Qf7 25. Qe2 Qg7 26. Qg4 Qf7 27. Qe2 Qg7 28. h3 d5 29. Rg4 h5 30. Rxd4 Bxd4 31. Qxe6+ Kh8 0-1

[Event "Titled Tuesday intern op 19th Dec Early"]
[Site "Chess.com INT"]
[Date "2023.12.19"]
[Round "3"]
[White "Martin, Lewis"]
[Black "Rodriguez Fontecha, Marcos"]
[Result "0-1"]
[WhiteElo "2144"]
[BlackElo "2289"]
[PlyCount "78"]
[EventDate "2023.12.19"]
[EventType "swiss (blitz)"]
[EventRounds "11"]
[EventCountry "USA"]
[SourceTitle "CB52_2023"]
[SourceDate "2023.12.27"]
[SourceVersion "1"]
[SourceVersionDate "2023.12.27"]
[SourceQuality "1"]

1. c4 c6 2. g3 d5 3. Nf3 Nf6 4. Bg2 a6 5. Na3 b5 6. cxb5 cxb5 7. 0-0 g6 8. b3 Bg7 9. Bb2 0-0 10. Rc1 Bb7 11. Nc2 Nc6 12. Ncd4 Rc8 13. Nxc6 Rxc6 14. Rxc6 Bxc6 15. Ne5 Bb7 16. Qc2 Qd6 17. Rc1 Rc8 18. Qb1 Nd7 19. Rxc8+ Bxc8 20. Nxd7 Bxd7 21. Bxg7 Kxg7 22. Qb2+ f6 23. Qd4 Be6 24. f4 Bf7 25. a4 e5 26. fxe5 fxe5 27. Qa7 bxa4 28. bxa4 Qc6 29. a5 Qb5 30. Qe3 d4 31. Qa3 Qxe2 32. Qe7 d3 33. Bf1 Qe4 34. Bg2 Qd4+ 35. Kf1 Kg8 36. Qf6 Qa1+ 37. Kf2 Qxa5 38. Be4 Qxd2+ 39. Kf3 Qe2# 0-1

[Event "Titled Tuesday intern op 26th Sep Early"]
[Site "Chess.com INT"]
[Date "2023.09.26"]
[Round "2"]
[White "Martin, Lewis"]
[Black "Ventura Bolet, Maxim"]
[Result "1-0"]
[WhiteElo "2135"]
[BlackElo "2233"]
[PlyCount "67"]
[EventDate "2023.09.26"]
[EventType "swiss (blitz)"]
[EventRounds "11"]
[EventCountry "USA"]
[SourceTitle "EXT 2024"]
[Source "ChessBase"]
[SourceDate "2023.10.10"]
[SourceVersion "1"]
[SourceVersionDate "2023.10.10"]
[SourceQuality "1"]

1. c4 e6 2. g3 d5 3. cxd5 exd5 4. Nf3 Nf6 5. Bg2 c5 6. d4 c4 7. 0-0 Nc6 8. Nc3 a6 9. Bg5 Be6 10. b3 b5 11. bxc4 bxc4 12. Qa4 Qd7 13. Bxf6 gxf6 14. e4 Nb4 15. Qxd7+ Kxd7 16. exd5 Bf5 17. a3 Nc2 18. Rab1 Bd6 19. Rb7+ Kc8 20. Rxf7 Rf8 21. Rg7 Nxa3 22. Na4 Rb8 23. Nh4 Bd7 24. Nc5 Rd8 25. Nxd7 Rxd7 26. Bh3 Rbb7 27. Re1 c3 28. Re8+ Kc7 29. Rxd7+ Kb6 30. Rxb7+ Kxb7 31. Bf5 c2 32. Bxc2 Nxc2 33. Nf5 Bb4 34. Re2 1-0

[Event "Titled Tuesday intern op 26th Sep Early"]
[Site "Chess.com INT"]
[Date "2023.09.26"]
[Round "8"]
[White "Martin, Lewis"]
[Black "Volkov, Maksim"]
[Result "0-1"]
[WhiteElo "2135"]
[BlackElo "2260"]
[PlyCount "82"]
[EventDate "2023.09.26"]
[EventType "swiss (blitz)"]
[EventRounds "11"]
[EventCountry "USA"]
[SourceTitle "EXT 2024"]
[Source "ChessBase"]
[SourceDate "2023.10.10"]
[SourceVersion "1"]
[SourceVersionDate "2023.10.10"]
[SourceQuality "1"]

1. e4 c5 2. Nf3 d6 3. d4 cxd4 4. Nxd4 Nf6 5. Nc3 a6 6. Bg5 e6 7. f4 Be7 8. Qf3 Qc7 9. 0-0-0 Nbd7 10. Bd3 b5 11. Rhe1 Bb7 12. Qh3 b4 13. Na4 Nc5 14. Nxc5 dxc5 15. Nxe6 fxe6 16. Qxe6 Bc8 17. Qc4 Bg4 18. Rd2 Rd8 19. Qxa6 0-0 20. h3 Bc8 21. Qc4+ Kh8 22. e5 Nd5 23. Bxe7 Qxe7 24. f5 Qg5 25. g4 Nf4 26. Kd1 Bb7 27. Rf2 Rd4 28. Qxc5 Rfd8 29. e6 Rxd3+ 30. cxd3 Nxd3 31. Qe3 Nxf2+ 32. Ke2 Qxe3+ 33. Kxe3 Nxh3 34. Rc1 Ng5 35. Rc7 Bd5 36. Kf4 Bxe6 37. Kxg5 Bxa2 38. Rb7 b3 39. f6 Rd5+ 40. Kf4 gxf6 41. Ke4 Rg5 0-1

[Event "Titled Tuesday intern op 26th Sep Early"]
[Site "Chess.com INT"]
[Date "2023.09.26"]
[Round "4"]
[White "Tifferet, Shaked"]
[Black "Martin, Lewis"]
[Result "1-0"]
[WhiteElo "2280"]
[BlackElo "2135"]
[PlyCount "55"]
[EventDate "2023.09.26"]
[EventType "swiss (blitz)"]
[EventRounds "11"]
[EventCountry "USA"]
[SourceTitle "EXT 2024"]
[Source "ChessBase"]
[SourceDate "2023.10.10"]
[SourceVersion "1"]
[SourceVersionDate "2023.10.10"]
[SourceQuality "1"]

1. d4 d5 2. Bf4 Nf6 3. e3 c6 4. Nf3 Bf5 5. c4 e6 6. Nc3 Nbd7 7. h3 h6 8. Qb3 Qc8 9. Rc1 Ne4 10. cxd5 Nxc3 11. dxc6 bxc6 12. Qxc3 g5 13. Bg3 a5 14. Qxc6 Qxc6 15. Rxc6 Bb4+ 16. Kd1 0-0 17. a3 Be7 18. Rc7 Rfd8 19. Bb5 e5 20. Bxd7 Rxd7 21. Rxd7 Bxd7 22. Nxe5 Ba4+ 23. Kd2 Rb8 24. Nd3 Rc8 25. Rc1 Rxc1 26. Nxc1 f5 27. Nd3 Kf7 28. Bc7 1-0

[Event "Titled Tuesday intern op 12th Sep Early"]
[Site "Chess.com INT"]
[Date "2023.09.12"]
[Round "11"]
[White "Ljukin, Sergei"]
[Black "Martin, Lewis"]
[Result "1-0"]
[WhiteElo "2362"]
[BlackElo "2135"]
[PlyCount "47"]
[EventDate "2023.09.12"]
[EventType "swiss (blitz)"]
[EventRounds "11"]
[EventCountry "USA"]
[SourceTitle "EXT 2024"]
[Source "ChessBase"]
[SourceDate "2023.10.10"]
[SourceVersion "1"]
[SourceVersionDate "2023.10.10"]
[SourceQuality "1"]

1. e4 c5 2. Nf3 d6 3. d4 cxd4 4. Nxd4 Nf6 5. Nc3 a6 6. Bg5 e6 7. f4 b5 8. e5 dxe5 9. fxe5 Qc7 10. Qe2 Nfd7 11. 0-0-0 Nc6 12. Nxc6 Qxc6 13. Qh5 Bb7 14. Be2 g6 15. Qh4 h6 16. Bf3 Qc7 17. Bxb7 Qxb7 18. Rhf1 Qxg2 19. Bf6 Rg8 20. Ne4 g5 21. Qe1 Rc8 22. Rf2 Qg4 23. Rfd2 Bb4 24. Rxd7 1-0

[Event "Titled Tuesday intern op 12th Sep Early"]
[Site "Chess.com INT"]
[Date "2023.09.12"]
[Round "6"]
[White "Mesa Cruz, Juan Carlos"]
[Black "Martin, Lewis"]
[Result "1-0"]
[WhiteElo "2139"]
[BlackElo "2135"]
[PlyCount "55"]
[EventDate "2023.09.12"]
[EventType "swiss (blitz)"]
[EventRounds "11"]
[EventCountry "USA"]
[SourceTitle "EXT 2024"]
[Source "ChessBase"]
[SourceDate "2023.10.10"]
[SourceVersion "1"]
[SourceVersionDate "2023.10.10"]
[SourceQuality "1"]

1. Nf3 Nf6 2. c4 c6 3. d4 d5 4. Nc3 e6 5. Bg5 h6 6. Bh4 dxc4 7. e4 g5 8. Bg3 b5 9. h4 g4 10. Ne5 Nbd7 11. Nxg4 Bb4 12. Nxf6+ Nxf6 13. Be5 Rg8 14. f3 Nh5 15. g4 f6 16. Bh2 Ng7 17. Qd2 f5 18. 0-0-0 fxg4 19. fxg4 Qxh4 20. Bd6 Qxh1 21. Bxb4 Qh4 22. Kb1 Bd7 23. d5 0-0-0 24. Qd4 Kb7 25. Bc5 exd5 26. Bxa7 Qxg4 27. Qb6+ Ka8 28. Bb8 1-0

[Event "Titled Tuesday intern op 29th Aug Early"]
[Site "Chess.com INT"]
[Date "2023.08.29"]
[Round "11"]
[White "Necula, Iulian"]
[Black "Martin, Lewis"]
[Result "0-1"]
[WhiteElo "1851"]
[BlackElo "2135"]
[PlyCount "120"]
[EventDate "2023.08.29"]
[EventType "swiss (blitz)"]
[EventRounds "11"]
[EventCountry "USA"]
[SourceTitle "EXT 2024"]
[Source "ChessBase"]
[SourceDate "2023.10.10"]
[SourceVersion "1"]
[SourceVersionDate "2023.10.10"]
[SourceQuality "1"]

1. d4 d5 2. Nc3 c5 3. e4 dxe4 4. d5 Nf6 5. Bf4 e6 6. d6 Nc6 7. Bb5 Bd7 8. Nge2 a6 9. Bxc6 Bxc6 10. 0-0 Qd7 11. Ng3 0-0-0 12. Re1 Bxd6 13. Bxd6 Qxd6 14. Qxd6 Rxd6 15. Ngxe4 Nxe4 16. Nxe4 Bxe4 17. Rxe4 Rhd8 18. Kf1 Kc7 19. Rae1 Kc6 20. a4 Rd2 21. R4e2 Rxe2 22. Kxe2 Rd4 23. b3 b5 24. axb5+ axb5 25. Ra1 Rd7 26. Ra6+ Kd5 27. Ra8 Kd4 28. Kd2 Ke4+ 29. Ke2 c4 30. Rb8 c3 31. f3+ Kf5 32. Rxb5+ e5 33. Ke3 Rd2 34. f4 f6 35. Rc5 Rxc2 36. fxe5 fxe5 37. g3 Rxh2 38. Rxc3 Rb2 39. Kd3 h5 40. Kc4 Ke4 41. b4 g5 42. b5 Rd2 43. Kc5 g4 44. Kc6 Kd4 45. Rc5 e4 46. Rd5+ Kc3 47. Re5 Kd3 48. b6 e3 49. b7 Rb2 50. Kc7 e2 51. Rd5+ Ke3 52. Re5+ Kf2 53. b8Q Rxb8 54. Kxb8 e1Q 55. Rxe1 Kxe1 56. Kc7 h4 57. gxh4 g3 58. h5 g2 59. h6 g1Q 60. h7 Qg7+ 0-1

[Event "Titled Tuesday intern op 29th Aug Early"]
[Site "Chess.com INT"]
[Date "2023.08.29"]
[Round "10"]
[White "Seifert, Henryk"]
[Black "Martin, Lewis"]
[Result "1-0"]
[WhiteElo "2106"]
[BlackElo "2135"]
[PlyCount "71"]
[EventDate "2023.08.29"]
[EventType "swiss (blitz)"]
[EventRounds "11"]
[EventCountry "USA"]
[SourceTitle "EXT 2024"]
[Source "ChessBase"]
[SourceDate "2023.10.10"]
[SourceVersion "1"]
[SourceVersionDate "2023.10.10"]
[SourceQuality "1"]

1. e4 c5 2. Nf3 d6 3. c3 Nf6 4. Be2 Nc6 5. d4 cxd4 6. cxd4 g6 7. Nc3 Bg7 8. 0-0 0-0 9. h3 e5 10. dxe5 dxe5 11. Qxd8 Rxd8 12. Bg5 h6 13. Bxf6 Bxf6 14. Nd5 Bg7 15. Rac1 Be6 16. Nc7 Bxa2 17. Nxa8 Rxa8 18. Bc4 Bxc4 19. Rxc4 Rd8 20. b4 a6 21. Rb1 Nd4 22. Rc7 b5 23. Ra7 Nxf3+ 24. gxf3 Bf8 25. Rxa6 Rd4 26. Rb6 Bxb4 27. Rxb5 Bd6 28. Rd5 Rxd5 29. exd5 Kf8 30. Rb7 Ke8 31. Kf1 f5 32. Ke2 Kd8 33. Rg7 g5 34. Rg6 Bf8 35. Rf6 f4 36. Rxf8+ 1-0